[Event "Online Olym Div2 D 2020"]
[Site "chess.com INT"]
[Date "2020.08.16"]
[Round "7.3"]
[Board "6"]
[White "Gomez Barrera, Javiera Belen"]
[Black "van den Brink, Nienke"]
[Result "1-0"]
[WhiteTitle "WIM"]
[WhiteElo "2083"]
[BlackElo "1811"]
[WhiteTeam "Chile"]
[BlackTeam "Denmark"]
[WhiteFideId "3418723"]
[BlackFideId "1452568"]
[EventDate "2020.08.14"]
[EventType "team"]

1. e4 c5 2. Nf3 d6 3. d4 cxd4 4. Nxd4 Nf6 5. Nc3 a6 6. Bg5 e5 7. Nf5 Be6 8. Be2
h6 9. Bxf6 gxf6 10. Qd2 h5 11. Rd1 Bxf5 12. exf5 Nc6 13. Bf3 Rc8 14. O-O Qd7 15.
Be4 Rh6 16. Nd5 Nd4 17. Qxh6 Bxh6 18. Nxf6+ Ke7 19. Nxd7 Kxd7 20. c3 Nc6 21. Rd3
Rg8 22. Rfd1 Bf8 23. Kf1 Kc7 24. Bd5 Rg5 25. Rf3 f6 26. h4 Rg4 27. g3 e4 28. Re3
Ne7 29. Bxe4 Bh6 30. Re2 Rg7 31. Rde1 Kd8 32. Rd1 Kc7 33. c4 b5 34. cxb5 axb5
35. Rc2+ Kd7 36. Ke2 Rg8 37. Rc3 Ra8 38. Bxa8 1-0

[Event "Online Olym Div2 D 2020"]
[Site "chess.com INT"]
[Date "2020.08.16"]
[Round "7.4"]
[Board "1"]
[White "Cu Hor, Winston Darwin"]
[Black "Kjartansson, Gudmundur"]
[Result "0-1"]
[WhiteTitle "FM"]
[BlackTitle "IM"]
[WhiteElo "2333"]
[BlackElo "2466"]
[WhiteTeam "Guatemala"]
[BlackTeam "Iceland"]
[WhiteFideId "7300662"]
[BlackFideId "2301318"]
[EventDate "2020.08.14"]
[EventType "team"]

1. Nf3 Nf6 2. c4 e6 3. g3 d5 4. Bg2 dxc4 5. O-O Nbd7 6. Qc2 a6 7. Qxc4 b5 8. Qc2
Bb7 9. b3 c5 10. Bb2 Qb6 11. d3 Be7 12. Nbd2 O-O 13. Rac1 Rac8 14. Qb1 Nd5 15.
e4 Nb4 16. a3 Nc6 17. Qa1 Bf6 18. e5 Be7 19. Rfe1 Rfd8 20. d4 cxd4 21. Nxd4
Ncxe5 22. Bxb7 Qxb7 23. Nxe6 fxe6 24. Bxe5 Nxe5 25. Qxe5 Rxc1 26. Qxe6+ Kf8 27.
Rxc1 Rxd2 28. Qf5+ Bf6 29. Re1 Qd5 30. Qxh7 Re2 31. Qh8+ Kf7 32. Rc1 Qf3 0-1

[Event "Online Olym Div2 D 2020"]
[Site "chess.com INT"]
[Date "2020.08.16"]
[Round "7.4"]
[Board "2"]
[White "Thorfinnsson, Bragi"]
[Black "Lorenzana, Wilson Estuardo"]
[Result "0-1"]
[WhiteTitle "GM"]
[BlackTitle "IM"]
[WhiteElo "2427"]
[BlackElo "2220"]
[WhiteTeam "Iceland"]
[BlackTeam "Guatemala"]
[WhiteFideId "2300958"]
[BlackFideId "7300239"]
[EventDate "2020.08.14"]
[EventType "team"]

1. e4 c5 2. Nc3 e6 3. f4 Nc6 4. Nf3 d6 5. Bb5 Ne7 6. O-O a6 7. Bxc6+ Nxc6 8. d3
Be7 9. Qe1 d5 10. Kh1 Nd4 11. Qf2 dxe4 12. dxe4 Nxf3 13. Qxf3 Qc7 14. f5 Bf6 15.
Bf4 Be5 16. Qg3 Bxf4 17. Rxf4 f6 18. Raf1 b5 19. Qh3 b4 20. Ne2 Qe7 21. Rh4 h6
22. Nf4 Rg8 23. fxe6 Bb7 24. Nd5 Bxd5 25. exd5 O-O-O 26. Rd1 Kb7 27. Qf3 Rd6 28.
c3 a5 29. h3 Rc8 30. c4 Kb6 31. a3 f5 32. Rf4 g6 33. Qb3 h5 34. axb4 cxb4 35.
Qa4 Rc5 36. b3 Kc7 37. Qa1 Kb6 38. Qd4 Rd8 39. Rff1 Qd6 40. Rfe1 Re8 41. Qg7 Re7
42. Qxg6 a4 43. bxa4 Rxc4 44. Qxf5 Rc3 45. Qf2+ Ka5 46. Qd4 Rec7 47. Qe5 Qb6 0-1

[Event "Online Olym Div2 D 2020"]
[Site "chess.com INT"]
[Date "2020.08.16"]
[Round "7.4"]
[Board "3"]
[White "Mencos, Claudia"]
[Black "Ptacnikova, Lenka"]
[Result "0-1"]
[WhiteTitle "WIM"]
[BlackTitle "WGM"]
[WhiteElo "1977"]
[BlackElo "2117"]
[WhiteTeam "Guatemala"]
[BlackTeam "Iceland"]
[WhiteFideId "7300573"]
[BlackFideId "305650"]
[EventDate "2020.08.14"]
[EventType "team"]

1. e4 d6 2. d4 Nf6 3. Nc3 e5 4. Nf3 Nbd7 5. Bc4 Be7 6. a3 O-O 7. O-O c6 8. Re1
b5 9. Bf1 a6 10. Bd2 Bb7 11. a4 b4 12. Nb1 a5 13. c3 c5 14. d5 Ne8 15. Bb5 f5
16. c4 f4 17. b3 g5 18. Kf1 Ng7 19. Ng1 Nf6 20. f3 h5 21. Ra2 g4 22. Bc1 Rb8 23.
Qe2 Rc8 24. Rd1 Rc7 25. Qe1 Nh7 26. Qe2 Bc8 27. Nd2 Ng5 28. Ke1 Bf6 29. Nf1 Rcf7
30. Kd2 Kh7 31. Kc2 Be7 32. Kb1 Ne8 33. Bd2 Nc7 34. Be1 Kh6 35. Ka1 Rg7 36. Bh4
Nf7 37. Bxe7 Qxe7 38. fxg4 hxg4 39. h3 gxh3 40. Nxh3 Bg4 41. Qd2 Bxd1 42. Qxd1
Ng5 43. Nf2 Qf7 44. Nh2 Qh5 45. Nhg4+ Kg6 46. Qe2 Rh7 47. Rb2 Qh4 48. Rb1 Qg3
49. Ka2 Rfh8 50. Bc6 Rf8 51. Nh1 f3 52. Nxg3 fxe2 53. Nxe2 Nxe4 54. Re1 Kg5 55.
Ne3 Rf2 56. Ka1 Nf6 57. Ng3 Rh4 58. Ngf5 Rxf5 59. Nxf5 Kxf5 60. Rf1+ Rf4 61. Rh1
Nce8 62. Rh3 Ng7 63. Rg3 Ngh5 64. Rh3 Rg4 65. Bb7 Ke4 66. Bc8 Rxg2 67. Be6 Kd4
68. Bf7 Nf4 0-1

[Event "Online Olym Div2 D 2020"]
[Site "chess.com INT"]
[Date "2020.08.16"]
[Round "7.4"]
[Board "4"]
[White "Thorsteinsdottir, Hallgerdur"]
[Black "Mazariegos, Silvia Carolina"]
[Result "1-0"]
[WhiteTitle "WFM"]
[BlackTitle "WIM"]
[WhiteElo "2009"]
[BlackElo "1933"]
[WhiteTeam "Iceland"]
[BlackTeam "Guatemala"]
[WhiteFideId "2302454"]
[BlackFideId "7300115"]
[EventDate "2020.08.14"]
[EventType "team"]

1. e4 e5 2. Nf3 Qe7 3. Bc4 h6 4. c3 c6 5. d3 d6 6. Nbd2 Nf6 7. Nf1 Qc7 8. Ng3
Be7 9. O-O g5 10. Qb3 O-O 11. d4 Bg4 12. Be2 Nbd7 13. h3 Be6 14. Qc2 Rfe8 15.
Be3 Nf8 16. h4 N6h7 17. Qd2 f6 18. hxg5 fxg5 19. d5 Bd7 20. Bc4 c5 21. Nxe5 b5
22. Nxd7 Qxd7 23. Bb3 Ng6 24. Bc2 Rf8 25. Nf5 h5 26. Nxe7+ Qxe7 27. Qe2 Nf4 28.
Bxf4 Rxf4 29. Qxh5 Kg7 30. g3 Rxe4 31. Bxe4 Qxe4 32. Qh1 Qg6 33. Rfe1 Nf6 34.
Re7+ Kg8 35. Rae1 Rf8 36. Rxa7 Ng4 37. Re2 Qd3 38. Qe4 Qd1+ 39. Kg2 Nf6 40. Qg6+ 1-0

[Event "Online Olym Div2 D 2020"]
[Site "chess.com INT"]
[Date "2020.08.16"]
[Round "7.4"]
[Board "5"]
[White "Aragon Trujillo, Ricardo M."]
[Black "Stefansson, Vignir Vatnar"]
[Result "0-1"]
[WhiteTitle "CM"]
[BlackTitle "FM"]
[WhiteElo "1875"]
[BlackElo "2301"]
[WhiteTeam "Guatemala"]
[BlackTeam "Iceland"]
[WhiteFideId "7303033"]
[BlackFideId "2308649"]
[EventDate "2020.08.14"]
[EventType "team"]

1. e4 Nc6 2. Nf3 d6 3. d4 Nf6 4. Nc3 Bg4 5. Be2 e5 6. dxe5 dxe5 7. Bg5 Bb4 8.
Qxd8+ Rxd8 9. Bb5 h6 10. Bxf6 gxf6 11. h3 Be6 12. a3 Bxc3+ 13. bxc3 Rd6 14. Rb1
Kd7 15. Ke2 a6 16. Ba4 b5 17. Bb3 Na5 18. Nd2 Rc6 19. Rbd1 Ke7 20. Bxe6 fxe6 21.
Nb1 f5 22. Rd3 Nb7 23. exf5 exf5 24. Rhd1 Nc5 25. Rd5 Ke6 26. c4 bxc4 27. Nc3
Rg8 28. g3 Rb8 29. Rd8 Rb2 30. R1d2 Ne4 31. Nxe4 fxe4 32. Re8+ Kf6 33. Rf8+ Kg7
34. Re8 c3 35. Rd7+ Kg6 36. Kd1 Rb1+ 37. Ke2 Rc1 38. Rg8+ Kf6 39. Rh7 Rxc2+ 40.
Kd1 Rd2+ 41. Kc1 Ke6 42. Rxh6+ Kd5 43. Rd8+ Rd6 0-1

[Event "Online Olym Div2 D 2020"]
[Site "chess.com INT"]
[Date "2020.08.16"]
[Round "7.4"]
[Board "6"]
[White "Haile, Batel Goitom"]
[Black "Santiago Sontay, Jenny Fernanda"]
[Result "0-1"]
[WhiteElo "1587"]
[BlackElo "1708"]
[WhiteTeam "Iceland"]
[BlackTeam "Guatemala"]
[WhiteFideId "2315190"]
[BlackFideId "7303084"]
[EventDate "2020.08.14"]
[EventType "team"]

1. e4 e6 2. d4 d5 3. exd5 exd5 4. Nf3 Nf6 5. Nc3 c6 6. h3 Bd6 7. Bg5 O-O 8. Be2
Bf5 9. O-O Nbd7 10. Bd3 Qc7 11. Bxf5 Rfe8 12. Bxf6 Nxf6 13. Qd3 g6 14. Bg4 Re7
15. Rfe1 Rae8 16. Rxe7 Rxe7 17. Re1 h5 18. Rxe7 Bxe7 19. Bxh5 Nxh5 20. Ne5 Bd6
21. Ng4 f5 22. Ne3 Kg7 23. Ne2 Qa5 24. Nc3 Nf4 25. Qd2 Qb4 26. Ned1 Ne6 27. Qe3
Kf7 28. Qh6 Qxd4 29. Ne3 Bf8 30. Qh7+ Bg7 31. g3 Nf8 32. Qh4 Qxh4 33. gxh4 d4
34. Nc4 dxc3 35. bxc3 Bxc3 36. Nd6+ Ke6 37. Nxb7 Bf6 38. Nc5+ Kd5 39. Nd3 Bxh4
40. Nb4+ Kd6 41. Kg2 c5 42. Nd3 Bg5 43. f4 Bf6 44. c4 Nd7 45. h4 Bxh4 46. a4 g5
47. fxg5 Bxg5 48. Kf3 Ne5+ 49. Ke2 Nxd3 50. Kxd3 Ke5 51. Ke2 Kd4 0-1

[Event "Online Olym Div2 D 2020"]
[Site "chess.com INT"]
[Date "2020.08.16"]
[Round "7.5"]
[Board "1"]
[White "Delaney, Killian"]
[Black "Saric, Ivan"]
[Result "0-1"]
[WhiteTitle "FM"]
[BlackTitle "GM"]
[WhiteElo "2314"]
[BlackElo "2646"]
[WhiteTeam "Ireland"]
[BlackTeam "Croatia"]
[WhiteFideId "2501570"]
[BlackFideId "14508150"]
[EventDate "2020.08.14"]
[EventType "team"]

1. c4 g6 2. Nc3 Bg7 3. d4 Nf6 4. e4 d6 5. Be2 O-O 6. Be3 c6 7. h3 e5 8. Nf3 exd4
9. Nxd4 Re8 10. Bf3 Nbd7 11. Qc2 Nb6 12. b3 d5 13. exd5 Nfxd5 14. cxd5 Bxd4 15.
O-O-O Bxe3+ 16. fxe3 cxd5 17. Nxd5 Bf5 18. e4 Nxd5 19. Rxd5 Qxd5 20. exd5 Bxc2
21. Kxc2 f5 22. Kc3 Kf7 23. Kd4 Ke7 24. Ke5 Kd7+ 25. Kf6 Rac8 26. h4 Re7 27. h5
Rf8+ 28. Kg5 gxh5 29. Rxh5 f4 30. Rh6 Rg7+ 31. Kh4 Re8 32. Bg4+ Kd8 33. Rf6 h5
34. Bh3 Re4 35. Kxh5 Re8 36. Kh6 Rg3 37. Kh7 Re5 38. Kh6 f3 39. d6 fxg2 0-1

[Event "Online Olym Div2 D 2020"]
[Site "chess.com INT"]
[Date "2020.08.16"]
[Round "7.5"]
[Board "2"]
[White "Bosiocic, Marin"]
[Black "Jessel, Stephen"]
[Result "1-0"]
[WhiteTitle "GM"]
[BlackTitle "FM"]
[WhiteElo "2606"]
[BlackElo "2297"]
[WhiteTeam "Croatia"]
[BlackTeam "Ireland"]
[WhiteFideId "14507927"]
[BlackFideId "628859"]
[EventDate "2020.08.14"]
[EventType "team"]

1. d4 e6 2. Nf3 c5 3. g3 cxd4 4. Bg2 d5 5. O-O Nf6 6. Nxd4 e5 7. Nb3 Be6 8. c4
Nc6 9. cxd5 Bxd5 10. Bg5 Bxg2 11. Kxg2 Qxd1 12. Rxd1 Be7 13. Nc3 Rd8 14. Rxd8+
Kxd8 15. Bxf6 Bxf6 16. Nd5 Be7 17. Rd1 Kc8 18. Na5 Bd6 19. Nxc6 bxc6 20. Ne3 Rd8
21. Rc1 Kb7 22. g4 Be7 23. Nc4 Bg5 24. e3 Rd5 25. Kf3 Kc7 26. Ke4 f6 27. b4 a6
28. Rc2 g6 29. a4 Bh4 30. Na5 Rd6 31. b5 axb5 32. axb5 Kd7 33. b6 c5 34. b7 Rb6
35. Rxc5 Bxf2 36. Rc1 Rb5 37. Kf3 Bh4 38. Rc2 Be1 39. Nc4 Rxb7 40. g5 Bh4 41.
gxf6 Bxf6 42. Nd2 Rc7 43. Ra2 Ke6 44. Ra6+ Kf7 45. Ne4 Be7 46. h3 Rc2 47. Nf2
Rc5 48. Nd3 Rb5 49. Ke4 Bf6 50. Ra7+ Ke6 51. Rxh7 Ra5 52. Kf3 Ra3 53. Nc5+ Kf5
54. Rf7 1-0

[Event "Online Olym Div2 D 2020"]
[Site "chess.com INT"]
[Date "2020.08.16"]
[Round "7.5"]
[Board "3"]
[White "Kanyamarala, Trisha"]
[Black "Franciskovic, Borka"]
[Result "0-1"]
[WhiteTitle "WIM"]
[BlackTitle "WIM"]
[WhiteElo "2193"]
[BlackElo "2250"]
[WhiteTeam "Ireland"]
[BlackTeam "Croatia"]
[WhiteFideId "45004722"]
[BlackFideId "14507943"]
[EventDate "2020.08.14"]
[EventType "team"]

1. d4 Nf6 2. c4 e6 3. Nc3 Bb4 4. e3 c5 5. Nf3 cxd4 6. exd4 d5 7. a3 Bxc3+ 8.
bxc3 O-O 9. Bd3 dxc4 10. Bxc4 Qc7 11. Qe2 b5 12. Bxb5 Qxc3+ 13. Qd2 Qxa1 14. O-O
Qb1 15. a4 Qb3 16. Re1 Ba6 17. Re3 Qb1 18. Re1 Qb3 19. Re3 Qd5 20. Re5 Qd6 21.
Qg5 Bxb5 22. Rxb5 Nbd7 23. Bf4 Qa3 24. h3 Nd5 25. Be5 Nxe5 26. Nxe5 f6 27. Qg4
fxe5 28. Qxe6+ Kh8 29. Rxd5 Qc1+ 30. Kh2 Qf4+ 31. Kh1 exd4 32. Rd7 Rae8 33. Re7
Rxe7 34. Qxe7 Qxf2 0-1

[Event "Online Olym Div2 D 2020"]
[Site "chess.com INT"]
[Date "2020.08.16"]
[Round "7.5"]
[Board "4"]
[White "Medic, Mirjana"]
[Black "Miller, Ioana"]
[Result "1-0"]
[WhiteTitle "WGM"]
[BlackTitle "WFM"]
[WhiteElo "2207"]
[BlackElo "2185"]
[WhiteTeam "Croatia"]
[BlackTeam "Ireland"]
[WhiteFideId "14501619"]
[BlackFideId "1202260"]
[EventDate "2020.08.14"]
[EventType "team"]

1. d4 Nf6 2. c4 e6 3. Nf3 Bb4+ 4. Bd2 Qe7 5. g3 b6 6. Bg2 Bb7 7. a3 Bxd2+ 8.
Nbxd2 d6 9. O-O O-O 10. Qc2 Nbd7 11. e4 e5 12. d5 Nh5 13. b4 g6 14. Nh4 Nf4 15.
gxf4 Qxh4 16. fxe5 dxe5 17. Qc3 Qf4 18. Rad1 a5 19. Qg3 Qxg3 20. hxg3 axb4 21.
axb4 Ra2 22. Nf3 Rfa8 23. Bh3 Nf6 24. Rfe1 Rb2 25. Nxe5 Rxb4 26. Bf1 Ra2 27. Rc1
Rbb2 28. Nd3 Rd2 29. e5 Ng4 30. Rcd1 Bc8 31. Rxd2 Rxd2 32. e6 Kf8 33. Nf4 Ke7
34. Bh3 f5 35. f3 Nf6 36. Bf1 Ba6 37. Ra1 Bc8 38. Ra8 Kd8 39. e7+ Kd7 40. c5
bxc5 41. Bb5+ Kxe7 42. Rxc8 g5 43. Rxc7+ Kd8 44. Ne6# 1-0

[Event "Online Olym Div2 D 2020"]
[Site "chess.com INT"]
[Date "2020.08.16"]
[Round "7.5"]
[Board "5"]
[White "Venkatesan, Kavin"]
[Black "Livaic, Leon"]
[Result "0-1"]
[BlackTitle "IM"]
[WhiteElo "1946"]
[BlackElo "2507"]
[WhiteTeam "Ireland"]
[BlackTeam "Croatia"]
[WhiteFideId "2512602"]
[BlackFideId "14531534"]
[EventDate "2020.08.14"]
[EventType "team"]

1. d4 Nf6 2. c4 e6 3. Nc3 Bb4 4. Bd2 O-O 5. e3 b6 6. Bd3 Bb7 7. f3 c5 8. Nge2
Nc6 9. a3 Ba5 10. Ne4 Bxd2+ 11. Qxd2 cxd4 12. exd4 d5 13. Nxf6+ Qxf6 14. cxd5
Na5 15. Bc2 Bxd5 16. O-O Rac8 17. Qd3 g6 18. Rf2 Rfd8 19. Rd1 Rxc2 20. Qxc2 Bb3
21. Qb1 Bxd1 22. Qxd1 Nc6 23. h3 Nxd4 24. Nxd4 Qxd4 25. Qxd4 Rxd4 26. Rc2 Rd3
27. Kf2 Kg7 28. Kg3 e5 29. Kf2 Rb3 30. Ke2 a5 31. Kd2 h5 32. Kc1 Kf6 33. Rc6+
Kf5 34. Kc2 Rb5 35. g4+ Kg5 36. Kc3 Rc5+ 37. Rxc5 bxc5 38. Kc4 f5 39. gxf5 gxf5
40. Kxc5 e4 41. fxe4 fxe4 42. Kd4 Kf4 43. b4 axb4 44. axb4 e3 45. Kd3 Kf3 0-1

[Event "Online Olym Div2 D 2020"]
[Site "chess.com INT"]
[Date "2020.08.16"]
[Round "7.5"]
[Board "6"]
[White "Cvitan, Ena"]
[Black "Putar, Lara"]
[Result "0-1"]
[WhiteTitle "FM"]
[WhiteElo "2242"]
[BlackElo "1834"]
[WhiteTeam "Croatia"]
[BlackTeam "Ireland"]
[WhiteFideId "14534215"]
[BlackFideId "14546604"]
[EventDate "2020.08.14"]
[EventType "team"]

1. d4 Nf6 2. c4 g6 3. Nc3 d5 4. cxd5 Nxd5 5. e4 Nxc3 6. bxc3 Bg7 7. Bc4 c5 8.
Ne2 Nc6 9. Be3 O-O 10. O-O cxd4 11. cxd4 Na5 12. Bd3 b6 13. Qd2 Bb7 14. Bh6 e6
15. Bxg7 Kxg7 16. Qf4 Nc6 17. Rad1 Qe7 18. h4 e5 19. dxe5 Qxe5 20. Qg4 h5 21.
Qh3 Nb4 22. Bb1 Rad8 23. f4 Qc5+ 24. Kh1 Rxd1 25. Rxd1 Qf2 26. Qc3+ Kg8 27. Qf3
Qxh4+ 28. Kg1 Qg4 29. Qxg4 hxg4 30. Rd7 Ba6 31. Kf2 Nc6 32. Rd6 Bb7 33. Rd7 Ba6
34. Nc3 Rd8 35. Rxd8+ Nxd8 36. Kg3 Bc8 37. Nd5 Kg7 38. f5 gxf5 39. exf5 Bb7 40.
Ne3 Kf6 41. Nxg4+ Kg5 42. Ne5 f6 43. Nc4 Nf7 44. Nd2 Nd6 45. Nf3+ Bxf3 46. Kxf3
Nxf5 47. Ke4 Nh4 48. g3 Nf5 49. Kf3 Nd4+ 50. Ke3 Nb5 51. Bd3 Nc3 52. Bc4 Kg4 53.
Kd4 Na4 54. Kd5 Nc5 55. Kc6 Kxg3 56. Kc7 f5 57. Kb8 a5 58. Ka7 Na4 59. Bb3 b5
60. Bc2 f4 61. Bd3 Nc3 62. Ka6 a4 63. Ka5 f3 64. Kb4 Nxa2+ 65. Kxb5 Nc1 66. Bf1
a3 0-1

[Event "Online Olym Div2 D 2020"]
[Site "chess.com INT"]
[Date "2020.08.16"]
[Round "8.1"]
[Board "1"]
[White "Agdestein, Simen"]
[Black "Saric, Ivan"]
[Result "0-1"]
[WhiteTitle "GM"]
[BlackTitle "GM"]
[WhiteElo "2552"]
[BlackElo "2646"]
[WhiteTeam "Norway"]
[BlackTeam "Croatia"]
[WhiteFideId "1500015"]
[BlackFideId "14508150"]
[EventDate "2020.08.14"]
[EventType "team"]

1. d4 Nf6 2. c4 g6 3. Nc3 Bg7 4. e4 d6 5. Nf3 O-O 6. Be2 e5 7. O-O Na6 8. Be3
Qe7 9. d5 Ng4 10. Bg5 f6 11. Bh4 c5 12. Ne1 Nh6 13. Nd3 g5 14. Bg3 f5 15. f3 f4
16. Be1 Nf7 17. g4 fxg3 18. hxg3 h5 19. Rf2 h4 20. Rh2 hxg3 21. Bxg3 Nc7 22. Bf1
Ne8 23. Nf2 Nf6 24. Qe2 a6 25. Ncd1 b5 26. Ne3 bxc4 27. Bh3 Nh5 28. Kg2 Nf4+ 29.
Bxf4 exf4 30. Nxc4 Ne5 31. Bxc8 Raxc8 32. Nxe5 Qxe5 33. Ng4 Qxb2 34. Nh6+ Kh7
35. Nf5+ Kg8 36. Nh6+ Kh7 37. Nf5+ Kg8 38. Ne7+ Kf7 39. Qxb2 Bxb2 40. Rh7+ Kf6
41. Nxc8 Bxa1 42. Nxd6 Ke5 43. Nb7 c4 44. d6 Ke6 45. Re7+ Kf6 46. Rc7 Be5 47.
Rxc4 Ke6 48. Rc6 Bd4 49. Rc7 Rb8 50. d7 Bf6 51. a4 a5 52. Kf1 Bd8 53. Nxd8+ Rxd8
54. Rc5 g4 55. fxg4 Rxd7 56. Rxa5 Rd4 57. e5 f3 58. g5 Kf5 59. Ra8 Kf4 60. Rb8
Kg3 61. Rb1 Rh4 0-1

[Event "Online Olym Div2 D 2020"]
[Site "chess.com INT"]
[Date "2020.08.16"]
[Round "8.1"]
[Board "2"]
[White "Bosiocic, Marin"]
[Black "Urkedal, Frode Olav Olsen"]
[Result "1-0"]
[WhiteTitle "GM"]
[BlackTitle "GM"]
[WhiteElo "2606"]
[BlackElo "2549"]
[WhiteTeam "Croatia"]
[BlackTeam "Norway"]
[WhiteFideId "14507927"]
[BlackFideId "1506102"]
[EventDate "2020.08.14"]
[EventType "team"]

1. e4 e5 2. Nf3 Nc6 3. Bb5 a6 4. Ba4 Nf6 5. d3 b5 6. Bb3 Bc5 7. c3 d6 8. O-O h6
9. a4 b4 10. d4 Ba7 11. dxe5 Nxe5 12. Nxe5 dxe5 13. Qxd8+ Kxd8 14. cxb4 Rb8 15.
b5 Nxe4 16. Nd2 Nd6 17. Nc4 Be6 18. Nxe5 Bxb3 19. Nc6+ Kd7 20. Nxa7 axb5 21.
axb5 Nxb5 22. Be3 Nd6 23. Rac1 Bd5 24. Rfd1 Ba8 25. Rd2 Rhd8 26. Rdc2 Ne8 27.
Bc5 Rb3 28. h3 Rdb8 29. Ba3 R8b6 30. Re2 Nd6 31. Rce1 Rxa3 32. bxa3 Ra6 33. Re7+
Kd8 34. Nb5 Nxb5 35. Rxf7 Nd6 36. Rxg7 Rxa3 37. Re5 Ra1+ 38. Kh2 Ra2 39. Rh5
Rxf2 40. Rg8+ 1-0

[Event "Online Olym Div2 D 2020"]
[Site "chess.com INT"]
[Date "2020.08.16"]
[Round "8.1"]
[Board "3"]
[White "Machlik, Monika"]
[Black "Franciskovic, Borka"]
[Result "1/2-1/2"]
[BlackTitle "WIM"]
[WhiteElo "2107"]
[BlackElo "2250"]
[WhiteTeam "Norway"]
[BlackTeam "Croatia"]
[WhiteFideId "1513621"]
[BlackFideId "14507943"]
[EventDate "2020.08.14"]
[EventType "team"]

1. d4 Nf6 2. c4 e6 3. Nc3 Bb4 4. Qc2 Nc6 5. Nf3 d6 6. Bd2 O-O 7. a3 Bxc3 8. Bxc3
a5 9. b3 Qe7 10. e3 e5 11. d5 Nb8 12. Nd2 Nbd7 13. Be2 Re8 14. O-O Nf8 15. b4
axb4 16. axb4 Bd7 17. Bb2 Ng6 18. Rfd1 b5 19. Rxa8 Rxa8 20. cxb5 Nxd5 21. Bf3
Be6 22. Nb1 Nxb4 23. Qd2 d5 24. Ba3 Ra4 25. Qb2 e4 26. Be2 Nh4 27. g3 Nf3+ 28.
Bxf3 exf3 29. Rd4 Qg5 30. Bxb4 Qf5 31. Nd2 g5 32. Qb1 Qxb1+ 33. Nxb1 Bf5 34. Bc3
Rxd4 35. Bxd4 Bxb1 36. b6 cxb6 37. Bxb6 Bd3 38. Bd4 h6 39. Bc5 Kh7 40. Bd4 Kg6
41. Bc5 h5 42. Bd4 Kf5 43. Bc5 Ke6 44. Bd4 Bf5 45. Kf1 Bh3+ 46. Kg1 Bg2 47. Bc5
Kf5 48. Bd4 Ke4 49. Bf6 Kf5 50. Bd4 Kg4 51. Bf6 Kf5 52. Bd4 1/2-1/2

[Event "Online Olym Div2 D 2020"]
[Site "chess.com INT"]
[Date "2020.08.16"]
[Round "8.1"]
[Board "4"]
[White "Medic, Mirjana"]
[Black "Machlik, Edit"]
[Result "1-0"]
[WhiteTitle "WGM"]
[WhiteElo "2207"]
[BlackElo "2078"]
[WhiteTeam "Croatia"]
[BlackTeam "Norway"]
[WhiteFideId "14501619"]
[BlackFideId "1513591"]
[EventDate "2020.08.14"]
[EventType "team"]

1. d4 Nf6 2. Nf3 e6 3. e3 c5 4. Bd3 d5 5. b3 Nc6 6. O-O Bd6 7. Bb2 O-O 8. a3 Qe7
9. c4 cxd4 10. exd4 h6 11. Nc3 b6 12. Re1 Qd8 13. Rc1 Bb7 14. Ne2 Rc8 15. c5
bxc5 16. dxc5 Bb8 17. Ned4 Bf4 18. Rc2 Re8 19. b4 a6 20. Nxc6 Bxc6 21. Bxa6 Ra8
22. b5 Rxa6 23. bxa6 Ba4 24. Qd3 Bxc2 25. Qxc2 Qa5 26. g3 Bc7 27. Rc1 Qxa6 28.
Bxf6 gxf6 29. Qd2 Kg7 30. Qe3 Ra8 31. Rc3 Rb8 32. Rb3 Qc4 33. Rxb8 Bxb8 34. Kg2
Ba7 35. Nd2 Qxc5 36. Qxc5 Bxc5 37. a4 e5 38. Nb3 Ba7 39. a5 f5 40. a6 Bb6 41.
Na5 d4 42. Kf1 d3 43. Nc6 d2 44. Ke2 Bxf2 45. Kxd2 f4 46. gxf4 exf4 47. Ke2 Bb6
48. Kf3 Kf6 49. Kxf4 Bg1 50. a7 Bxa7 51. Nxa7 Kg6 52. Nc6 Kh5 53. Kg3 Kg5 54.
Nd4 f6 55. h4+ Kh5 56. Nf3 Kg6 57. Kg4 f5+ 58. Kf4 Kh5 59. Kg3 Kg6 60. Nd4 Kf6
61. Kf4 Kg6 62. Nxf5 Kh5 63. Kg3 Kg6 64. Nd4 Kh5 65. Ne2 Kg6 66. Kg4 h5+ 67. Kf4
Kf6 68. Ng3 Kg6 69. Ne4 Kh6 70. Kf5 Kg7 71. Kg5 Kh7 72. Kxh5 Kg7 73. Kg5 Kh7 74.
Nc3 Kg7 75. Nd5 Kh7 76. Nf4 Kg7 77. h5 Kh7 78. Ne6 Kh8 79. Kg6 Kg8 80. Ng5 Kh8
81. h6 Kg8 82. h7+ Kh8 83. Nf7# 1-0

[Event "Online Olym Div2 D 2020"]
[Site "chess.com INT"]
[Date "2020.08.16"]
[Round "8.1"]
[Board "5"]
[White "Haug, Johannes"]
[Black "Livaic, Leon"]
[Result "1-0"]
[WhiteTitle "IM"]
[BlackTitle "IM"]
[WhiteElo "2481"]
[BlackElo "2507"]
[WhiteTeam "Norway"]
[BlackTeam "Croatia"]
[WhiteFideId "1509268"]
[BlackFideId "14531534"]
[EventDate "2020.08.14"]
[EventType "team"]

1. d4 Nf6 2. c4 e6 3. Nf3 d5 4. Nc3 a6 5. cxd5 exd5 6. Bf4 h6 7. e3 Bd6 8. Bg3
O-O 9. Bd3 Bxg3 10. hxg3 Qd6 11. Qc2 Be6 12. Ne5 c5 13. O-O cxd4 14. exd4 Nc6
15. Nxc6 Qxc6 16. f3 Ne8 17. Rac1 Nd6 18. Na4 Qxc2 19. Rxc2 Bf5 20. Rd1 Rac8 21.
Rxc8 Rxc8 22. Nb6 Re8 23. Kf2 Bxd3 24. Rxd3 Nc4 25. Nxc4 dxc4 26. Rc3 b5 27. b3
cxb3 28. axb3 a5 29. Rc5 Rb8 30. g4 Kf8 31. Ke3 a4 32. bxa4 bxa4 33. Ra5 Rb3+
34. Ke4 a3 35. Ra7 Rb2 36. Rxa3 Rxg2 37. Ke5 Re2+ 38. Kd6 g6 39. d5 h5 40. g5 h4
41. f4 Rf2 42. Ke5 Re2+ 43. Kf6 Re4 44. Ra8+ Re8 45. Ra7 Kg8 46. Rxf7 Rf8 47.
Rxf8+ Kxf8 48. d6 Ke8 49. f5 h3 50. fxg6 h2 51. g7 h1=Q 52. g8=Q+ Kd7 53. Qe6+
Kc6 54. d7+ Kc7 55. Qe7 Qh8+ 56. Kf5 Qh3+ 57. Kg6 Qd3+ 58. Kg7 Qd4+ 59. Qf6 1-0